| 000 | 00848cam a22002897a 4500 | ||
|---|---|---|---|
| 003 | CHAP | ||
| 005 | 20220817040916.0 | ||
| 008 | 971013s1990 r 10010 d | ||
| 010 | _a2535 | ||
| 011 | _a3507 | ||
| 035 | _a2707 | ||
| 040 | _cCHAP | ||
| 090 | _aFolleto 11703 (1990) | ||
| 111 | 0 | 0 |
_aConferencia Regional de la FAO para Asia y el PacĂfico ( _n20 _d: 1990 _c: Beijing, China) _926593 |
| 245 | 0 | _aReport | |
| 260 |
_aRome : _bFAO, _c1990 |
||
| 300 | _a53 p | ||
| 590 |
_aBATCH-UPD _b10 _c20130110 _lUCH01 _h1945 |
||
| 590 |
_aBATCH-UPD _b10 _c20130410 _lUCH01 _h1307 |
||
| 590 |
_aBATCH-UPD _b10 _c20130914 _lUCH01 _h1354 |
||
| 590 |
_aCONVERSION _b10 _c20130109 _lUCH01 _h1303 |
||
| 650 | 1 | 4 |
_aAgricultura _xAsia. _91194 |
| 710 | 0 | _aFAO. | |
| 901 | _aBK | ||
| 942 | _cFOLL | ||
| 949 |
_aFolleto 11703 (1990) _bBC _cFAO _d-12213 _eFAO1 _i2707 _si |
||
| 999 |
_c2535 _d2535 |
||